| 000 | 00806nmm a2200265 a 4500 | ||
|---|---|---|---|
| 001 | ocm000598261 | ||
| 003 | TR-IsHL | ||
| 005 | 20201028134808.0 | ||
| 008 | 131203s2010 tu tur | ||
| 007 | cr cn | ||
| 020 | _a9789944397643 | ||
| 035 |
_a598261 _b(N$T) |
||
| 050 | 0 | 4 |
_aHT123 _b.K63 2010 |
| 090 | 0 | 4 |
_aHT123 _b.K63 2010 |
| 100 | 1 | _aKocadaş, Bekir | |
| 245 | 1 | 0 |
_aToplum, toplumsal yapı ve kurumlar _h[electronic resource] / _cBekir Kocadaş |
| 260 |
_aİstanbul : _bDoğu Kütüphanesi, _c2010 |
||
| 300 | _a207 p. | ||
| 650 | 4 | _aSosyoloji | |
| 650 | 4 | _aSociology | |
| 650 | 0 | _aSosyoloji | |
| 650 | 0 | _aSociology | |
| 650 | 7 |
_aSOCIAL SCIENCE / Sociology / General _2bisacsh |
|
| 856 | 4 | 0 | _uhttp://search.ebscohost.com/login.aspx?direct=true&scope=site&db=e011xww&AN=598261 |
| 999 |
_c6391 _d6391 |
||